00419 2200169 4500001002100000008004100021035002000062245005000082100002300132250000600155260002900161300001200190084001400202082000800216650001300224990001200237INLIS000000000000801 ind  a0010-0524000036 aBuku Saku Pintar Kimia SMAcWinkanda Satria P aSatria P, Winkanda a1 aYogyakarta :bAndic2013 a212 hlm a540 WIN k a540 aNonFiksi a0740451